Electronic Devices And Circuits (Record no. 340281)

MARC details
000 -LEADER
fixed length control field 00487nam a2200181Ia 4500
008 - FIXED-LENGTH DATA ELEMENTS--GENERAL INFORMATION
fixed length control field 230718s9999 xx 000 0 und d
020 ## - INTERNATIONAL STANDARD BOOK NUMBER
International Standard Book Number 9780195693409
041 ## - LANGUAGE CODE
Language code of text/sound track or separate title eng
082 ## - DEWEY DECIMAL CLASSIFICATION NUMBER
Classification number 621.3815'3
Item number BEL
100 ## - MAIN ENTRY--PERSONAL NAME
Personal name Bell D.A.
245 ## - TITLE STATEMENT
Title Electronic Devices And Circuits
250 ## - EDITION STATEMENT
Edition statement 5th ed.
260 ## - PUBLICATION, DISTRIBUTION, ETC. (IMPRINT)
Date of publication, distribution, etc. 2008
Name of publisher, distributor, etc. Oxford
300 ## - PHYSICAL DESCRIPTION
Extent 1072
Accompanying material [OBSOLETE, CAN/MARC] Ref 1641 E (51486)
365 ## - TRADE PRICE
Currency code Rs.
Price amount 635.00
700 ## - ADDED ENTRY--PERSONAL NAME
Personal name Bell D.A.
906 ## - LOCAL DATA ELEMENT F, LDF (RLIN)
d O:0463504-Sep-2015B:SE/SI/203331-Jul-2015
c ETC
b 2228.85
Holdings
Withdrawn status Lost status Damaged status Not for loan Home library Current library Date acquired Vendor Budget Code Cost, normal purchase price Bill number Total Checkouts Full call number Barcode Date last seen Discount Cost, replacement price Bill Date Koha item type Original Barcode
        Cummins College of Engineering for Women Pune Cummins College of Engineering for Women Pune 04/09/2015 Suyog Enterprises ETC 463.55 SE/SI/2033   621.3815'3 CCEP-BK-51488 18/07/2023 2228.85 635.00 31/07/2015 Books 051488